Minimum zásad pro utváření reklamy

Reklama ako klasická forma medzi nástrojmi marketingovej politiky. Posudzovanie reklamy z hľadiska spotrebiteľa. Posudzovanie reklamy z hľadiska podnikateľského subjektu. Proces tvorby reklamy. Výber prostriedkov reklamy. Hodnotenie účinkov reklamy.

Na minha lista:
Detalhes bibliográficos
Autor principal: Tomek, Gustav
Outros Autores: Vávrová, Věra
Formato: Capítulo de Livro
Idioma:tcheco
Assuntos:
Tags: Adicionar Tag
Sem tags, seja o primeiro a adicionar uma tag!

MARC

LEADER 00000naa a2200000 4500
001 r027288
005 20230522111807.9
041 0 |a cze 
044 |a CZ 
245 1 0 |a Minimum zásad pro utváření reklamy  |c Gustav Tomek, Věra Vávrová 
520 |a Reklama ako klasická forma medzi nástrojmi marketingovej politiky. Posudzovanie reklamy z hľadiska spotrebiteľa. Posudzovanie reklamy z hľadiska podnikateľského subjektu. Proces tvorby reklamy. Výber prostriedkov reklamy. Hodnotenie účinkov reklamy. 
610 2 0 |a reklama 
610 2 0 |a prostriedky reklamné 
610 2 0 |a marketing 
610 2 0 |a komunikácia 
100 1 |a Tomek, Gustav 
700 1 |a Vávrová, Věra